[Event "RA Winter op"]
[Site "Ottawa CAN"]
[Date "1998.01.10"]
[Round "2"]
[White "Langer, Herb"]
[Black "Pacey, Kevin"]
[Result "0-1"]
[WhiteElo "1907"]
[BlackElo "2321"]
[PlyCount "96"]
[GameId "2160767911874066"]
[EventDate "1998.01.10"]
[EventType "swiss"]
[EventRounds "5"]
[EventCountry "CAN"]

1. d4 Nf6 2. c4 e6 3. Nf3 d5 4. Nc3 Be7 5. Bg5 O-O 6. e3 Nbd7 7. cxd5 Nxd5 8. Bxe7 Qxe7 9. Bd3 Nxc3 10. bxc3 e5 11. Qc2 exd4 12. cxd4 Nf6 13. O-O c6 14. Rfc1 Be6 15. Ng5 h6 16. Nxe6 Qxe6 17. Bf5 Qe7 18. Qc5 Rfe8 19. Rab1 Qxc5 20. Rxc5 Re7 21. h4 g6 22. Bd3 Rd8 23. Ra5 b6 24. Ra4 c5 25. Rb3 cxd4 26. exd4 Red7 27. Bb5 Rxd4 28. Rxa7 Rxh4 29. g3 Rhd4 30. Bc6 R4d6 31. Rc7 Kg7 32. a4 Ne8 33. Bxe8 Rxe8 34. Rb7 Ree6 35. Rc3 Rf6 36. f4 Rd2 37. Rb3 Rc6 38. Rb1 Rc3 39. R7xb6 Rxg3+ 40. Kh1 Ra3 41. Ra6 Rd4 42. a5 Rxf4 43. Ra8 Rfa4 44. Rb5 Ra2 45. Kg1 Rc4 46. Rb1 Rc5 47. a6 Rc6 48. a7 Rc7 0-1

[Event "RA Winter op"]
[Site "Ottawa CAN"]
[Date "1998.01.11"]
[Round "4"]
[White "Salcedo, Daniel"]
[Black "Pacey, Kevin"]
[Result "0-1"]
[WhiteElo "2164"]
[BlackElo "2321"]
[PlyCount "63"]
[GameId "2160767911874068"]
[EventDate "1998.01.10"]
[EventType "swiss"]
[EventRounds "5"]
[EventCountry "CAN"]

1. d4 e6 2. Nf3 d5 3. c4 Nf6 4. Bg5 Be7 5. Nc3 O-O 6. e3 Nbd7 7. Bd3 dxc4 8. Bxc4 h6 9. Bh4 c5 10. O-O cxd4 11. exd4 a6 12. a4 Nb6 13. Bb3 Nbd5 14. Bxf6 Nxf6 15. Bc2 b6 16. Qd3 Bb7 17. Ne5 Qd6 18. Rfe1 Rfd8 19. Rad1 Qb4 20. h3 Rac8 21. Re3 Rd6 22. Rg3 Rcd8 23. d5 Bxd5 24. Nxf7 Be4 25. Qe3 Rxd1+ 26. Bxd1 Kxf7 27. Be2 Bf5 28. Qc1 Bd6 29. Re3 Bf4 30. g4 Bxe3 31. fxe3 Bd3 32. Bf3 0-1

[Event "RA Winter op"]
[Site "Ottawa CAN"]
[Date "1998.01.11"]
[Round "5"]
[White "Pacey, Kevin"]
[Black "Cote, Jacques"]
[Result "1/2-1/2"]
[WhiteElo "2321"]
[BlackElo "2309"]
[PlyCount "52"]
[GameId "2160767911874069"]
[EventDate "1998.01.10"]
[EventType "swiss"]
[EventRounds "5"]
[EventCountry "CAN"]

1. e4 e5 2. Nf3 Nc6 3. Bc4 Bc5 4. Nc3 Nf6 5. d3 d6 6. Na4 O-O 7. Nxc5 dxc5 8. Be3 Qd6 9. Nd2 Na5 10. O-O b6 11. h3 Be6 12. Bxe6 Qxe6 13. b3 Rad8 14. f4 exf4 15. Bxf4 Rd7 16. Rf2 Nc6 17. Bg5 Ne8 18. Qf1 Ne5 19. a4 h6 20. Bh4 Ng6 21. Bg3 Nd6 22. Re1 Ne5 23. Qe2 Re8 24. Ref1 Qg6 25. Bxe5 Rxe5 26. Rf4 Rde7 1/2-1/2

[Event "RACC ch"]
[Site "Ottawa CAN"]
[Date "1998.01.15"]
[Round "1"]
[White "Rodgers, Ron"]
[Black "Pacey, Kevin"]
[Result "1-0"]
[WhiteElo "2100"]
[BlackElo "2321"]
[PlyCount "205"]
[GameId "2160767911874054"]
[EventDate "1998.01.15"]
[EventType "swiss"]
[EventRounds "7"]
[EventCountry "CAN"]

1. c4 c6 2. d4 d5 3. Nf3 Nf6 4. Nc3 dxc4 5. a4 Bf5 6. Ne5 e6 7. f3 Bb4 8. e4 Bxe4 9. fxe4 Nxe4 10. Bd2 Qxd4 11. Nxe4 Qxe4+ 12. Qe2 Bxd2+ 13. Kxd2 Qd5+ 14. Kc2 Na6 15. Nxc4 O-O-O 16. Qe5 f6 17. Qxd5 cxd5 18. Nd2 Nc7 19. Be2 e5 20. Raf1 Rhf8 21. g4 Ne6 22. Nb3 e4 23. Rd1 d4 24. Bc4 d3+ 25. Kd2 Ng5 26. Ke3 Rfe8 27. Nd4 h5 28. gxh5 Re5 29. h4 Nf3 30. Nxf3 exf3+ 31. Kxf3 d2 32. Rh2 Rd4 33. b3 Rxh5 34. Kg3 f5 35. Rdxd2 Rg4+ 36. Kf3 Kc7 37. Rdg2 Rhxh4 38. Rxh4 Rxh4 39. Rxg7+ Kc6 40. Rf7 Rh5 41. Kf4 a6 42. Rxf5 Rh4+ 43. Kg5 Rd4 44. Kf6 Kd6 45. Kf7 Kc6 46. Re5 Kd6 47. Re6+ Kc5 48. Ke7 Rd2 49. Ke8 Rd4 50. Re7 Kc6 51. Be6 Rh4 52. Kd8 Rh8+ 53. Re8 Rh5 54. Bd7+ Kb6 55. Re6+ Ka7 56. Kc7 Rc5+ 57. Kd6 Rc3 58. b4 Rd3+ 59. Ke7 Rd4 60. b5 axb5 61. Bxb5 Rd1 62. Rd6 Rh1 63. Ke6 Rh5 64. Rd5 Rh6+ 65. Ke5 Rh4 66. Rd6 Rh5+ 67. Kd4 Rh4+ 68. Kc5 Rg4 69. Bc4 Rg1 70. Rd7 Rc1 71. Kb4 Rb1+ 72. Kc5 Rc1 73. Rd4 Rb1 74. Bd5 Rg1 75. Rb4 Rg7 76. Rf4 Rc7+ 77. Kd6 Rc1 78. Rb4 b6 79. Bc6 Rg1 80. Re4 Ka6 81. Re8 Rg6+ 82. Kd5 Ka5 83. Ra8+ Kb4 84. Ra6 Rg5+ 85. Kd4 Rg4+ 86. Be4 b5 87. a5 Rg1 88. Ra8 Rd1+ 89. Bd3 Ra1 90. a6 Ka5 91. Be4 Ra4+ 92. Kd3 Kb6 93. Bb7 Rc4 94. Rh8 Ra4 95. Rh6+ Ka7 96. Kc3 Rg4 97. Kb3 Ra4 98. Bc8 Rd4 99. Rh7+ Kb6 100. Rb7+ Kc5 101. Bd7 Rb4+ 102. Kc3 Rb1 103. Rxb5+ 1-0

[Event "RACC ch"]
[Site "Ottawa CAN"]
[Date "1998.01.22"]
[Round "2"]
[White "Pacey, Kevin"]
[Black "Zimmer, Antonin"]
[Result "1-0"]
[WhiteElo "2321"]
[BlackElo "1950"]
[PlyCount "89"]
[GameId "2160767911874055"]
[EventDate "1998.01.15"]
[EventType "swiss"]
[EventRounds "7"]
[EventCountry "CAN"]

1. e4 e5 2. Nf3 Nc6 3. Bc4 Nf6 4. d3 Bc5 5. c3 Qe7 6. O-O h6 7. b4 Bb6 8. a4 a6 9. a5 Ba7 10. Be3 d6 11. Bxa7 Nxa7 12. Nfd2 Bg4 13. f3 Bd7 14. f4 Bb5 15. Na3 Bxc4 16. Naxc4 O-O-O 17. Qf3 exf4 18. Qxf4 Rhf8 19. Ne3 Nd7 20. Nd5 Qe5 21. Qe3 Kb8 22. Rf5 Qe6 23. Nxc7 Kxc7 24. Qxa7 g6 25. Rff1 f5 26. Qd4 f4 27. Qc4+ Qxc4 28. Nxc4 Ne5 29. Nb6 g5 30. d4 Ng4 31. Nd5+ Kd7 32. Rae1 Nf6 33. Nb6+ Kc6 34. e5 dxe5 35. Rxe5 Nd5 36. Nxd5 Rxd5 37. Re7 Rd7 38. Rfe1 Rxe7 39. Rxe7 Rf6 40. c4 b5 41. Ra7 Rf5 42. Rxa6+ Kc7 43. c5 f3 44. Rxh6 g4 45. a6 1-0

[Event "RACC ch"]
[Site "Ottawa CAN"]
[Date "1998.01.29"]
[Round "3"]
[White "Arseneau, Peter"]
[Black "Pacey, Kevin"]
[Result "0-1"]
[WhiteElo "1859"]
[BlackElo "2321"]
[PlyCount "106"]
[GameId "2160767911874056"]
[EventDate "1998.01.15"]
[EventType "swiss"]
[EventRounds "7"]
[EventCountry "CAN"]

1. e4 e6 2. d4 d5 3. Nc3 Bb4 4. Nge2 dxe4 5. a3 Be7 6. Nxe4 Nc6 7. Be3 Nf6 8. N2c3 O-O 9. Bc4 Nd5 10. Qd2 Nxe3 11. fxe3 f5 12. Nf2 f4 13. exf4 Qxd4 14. Qxd4 Nxd4 15. O-O-O c5 16. Nd3 a6 17. Rhf1 b5 18. Ba2 Bb7 19. Rf2 Rad8 20. Re1 c4 21. Ne5 Bc5 22. Ne4 Bxe4 23. Rxe4 Nb3+ 24. cxb3 Bxf2 25. bxc4 Rxf4 26. Re2 Rc8 27. Kd2 bxc4 28. Bxc4 Rd8+ 29. Kc2 Rd6 30. b3 Ba7 31. Nd3 Rf6 32. Re5 Kf8 33. Ra5 Rf5 34. Rxa6 Rxa6 35. Bxa6 Ra5 36. Bc4 Rxa3 37. Bxe6 Ra2+ 38. Kc3 Rxg2 39. h3 Ke7 40. Bc8 Kd8 41. Bg4 g6 42. Nf4 Rg3+ 43. Kc4 h5 44. Be6 Ke7 45. Bc8 Kd6 46. Nd5 Rg1 47. Bb7 Rd1 48. Nf6 Ke5 49. Nd5 Rd4+ 50. Kc3 Rxd5 51. Bxd5 Kxd5 52. Kd3 Ke5 53. Ke2 Kf4 0-1

[Event "RACC ch"]
[Site "Ottawa CAN"]
[Date "1998.02.05"]
[Round "4"]
[White "Pacey, Kevin"]
[Black "Patterson, Roger"]
[Result "1-0"]
[WhiteElo "2325"]
[BlackElo "2176"]
[PlyCount "53"]
[GameId "2160767911874057"]
[EventDate "1998.01.15"]
[EventType "swiss"]
[EventRounds "7"]
[EventCountry "CAN"]

1. d4 g6 2. e4 Bg7 3. Nf3 d6 4. Nc3 Nf6 5. Be2 O-O 6. O-O Bg4 7. Be3 c6 8. d5 Qa5 9. h3 Bxf3 10. Bxf3 Nbd7 11. g4 cxd5 12. exd5 Ne5 13. Be2 Rac8 14. g5 Nfd7 15. Bd4 Qb4 16. Kh1 Qxb2 17. Rb1 Qa3 18. Rb3 Qa5 19. f4 Nc5 20. Rb5 Qa3 21. fxe5 dxe5 22. Bxc5 Qxc3 23. Rf3 Qxc5 24. Rxc5 Rxc5 25. Rb3 Rfc8 26. c4 b6 27. Rb5 1-0

[Event "RACC ch"]
[Site "Ottawa CAN"]
[Date "1998.02.12"]
[Round "5"]
[White "Devenport, Martin"]
[Black "Pacey, Kevin"]
[Result "1-0"]
[WhiteElo "2197"]
[BlackElo "2325"]
[PlyCount "101"]
[GameId "2160767911874058"]
[EventDate "1998.01.15"]
[EventType "swiss"]
[EventRounds "7"]
[EventCountry "CAN"]

1. e4 Nc6 2. d4 e5 3. d5 Nce7 4. c4 Ng6 5. Be3 Nf6 6. f3 Bb4+ 7. Nd2 Qe7 8. Bd3 Bc5 9. Bxc5 Qxc5 10. Ne2 d6 11. Nb3 Qe3 12. Qd2 Qxd2+ 13. Kxd2 Nd7 14. g3 a5 15. Ke3 O-O 16. h4 Ne7 17. g4 Nc5 18. Nd2 Bd7 19. h5 c6 20. Nc3 Rfc8 21. Be2 Rab8 22. Rhc1 cxd5 23. cxd5 b5 24. Rab1 h6 25. b4 axb4 26. Rxb4 Na4 27. Ndb1 Rc7 28. Kd2 Rcb7 29. Na3 Nxc3 30. Rxc3 Ra7 31. Bxb5 Rab7 32. Rcb3 Nc8 33. Bxd7 Rxb4 34. Rxb4 Rxb4 35. Bxc8 Rb2+ 36. Kc3 Rxa2 37. Nc4 Rf2 38. Nxd6 Rxf3+ 39. Kc4 Rf4 40. Kc5 Kf8 41. Bf5 g6 42. hxg6 fxg6 43. Bxg6 Rxg4 44. Bf5 Rg1 45. Nc4 Rc1 46. d6 Kf7 47. Kd5 Kf6 48. d7 Rd1+ 49. Kc6 Rd4 50. Nd6 Ke7 51. Nb7 1-0

[Event "RACC ch"]
[Site "Ottawa CAN"]
[Date "1998.02.19"]
[Round "6"]
[White "Pacey, Kevin"]
[Black "Cormier, M."]
[Result "1/2-1/2"]
[WhiteElo "2321"]
[BlackElo "2059"]
[PlyCount "90"]
[GameId "2160767911874059"]
[EventDate "1998.01.15"]
[EventType "swiss"]
[EventRounds "7"]
[EventCountry "CAN"]

1. e4 g5 2. Ne2 c5 3. Ng3 Nc6 4. c3 d5 5. Bb5 Qb6 6. Qe2 Be6 7. Na3 O-O-O 8. d3 h6 9. O-O Bg7 10. Nh5 Rh7 11. exd5 Bxd5 12. Qg4+ e6 13. c4 f5 14. Qh3 Nd4 15. cxd5 Nxb5 16. Nxb5 Qxb5 17. Nxg7 Rxg7 18. dxe6 Qxd3 19. Qxd3 Rxd3 20. b3 Re7 21. Re1 Rxe6 22. Kf1 Rxe1+ 23. Kxe1 Kd7 24. Ke2 Rd5 25. Bb2 h5 26. Rc1 b5 27. Rc3 Re5+ 28. Kd2 Rd5+ 29. Ke2 Nf6 30. f3 Ne8 31. Bc1 g4 32. Be3 Kc6 33. b4 c4 34. Bxa7 Re5+ 35. Kd2 Nc7 36. Ra3 Rd5+ 37. Kc2 Re5 38. Kd2 Rd5+ 39. Kc2 Rd8 40. Bc5 Ra8 41. Rxa8 Nxa8 42. fxg4 fxg4 43. h3 Nc7 44. hxg4 hxg4 45. Be3 Kd5 1/2-1/2

[Event "Remembrance Day op"]
[Site "Toronto CAN"]
[Date "1998.11.07"]
[Round "2"]
[White "Segovia, Javier"]
[Black "Filipovich, David"]
[Result "0-1"]
[WhiteElo "2053"]
[BlackElo "2334"]
[PlyCount "130"]
[GameId "2160767911806121"]
[EventDate "1998.11.06"]
[EventType "swiss"]
[EventRounds "5"]
[EventCountry "CAN"]

1. e4 c6 2. c4 d5 3. exd5 cxd5 4. cxd5 Nf6 5. Nc3 Nxd5 6. Bc4 e6 7. d4 Nc6 8. Nf3 Bb4 9. Qd3 O-O 10. O-O Bxc3 11. bxc3 Na5 12. Bb5 Bd7 13. Ng5 Nf6 14. Bxd7 Qxd7 15. Bf4 h6 16. Nf3 Rac8 17. Rfe1 Nd5 18. Bd2 Nc4 19. Ne5 Qc7 20. Nxc4 Qxc4 21. Qf3 b5 22. Re5 Nxc3 23. Bxc3 Qxc3 24. Qxc3 Rxc3 25. Rxb5 Rd8 26. Ra5 Rxd4 27. Rxa7 Rd2 28. a3 Rcc2 29. Rf1 g5 30. h4 Ra2 31. hxg5 hxg5 32. Ra5 Kf8 33. Rxg5 Rxa3 34. Rb5 Raa2 35. Rbb1 Ke7 36. Ra1 Rxf2 37. Rxf2 Rxa1+ 38. Kh2 e5 39. Kg3 Ke6 40. Kg4 Ra8 41. Rb2 f5+ 42. Kf3 Ra3+ 43. Kf2 f4 44. Rb6+ Kf5 45. Rb8 Ra2+ 46. Kf1 Rd2 47. Rf8+ Ke4 48. Re8 Kd4 49. Ra8 e4 50. Ra4+ Ke3 51. Ra3+ Rd3 52. Ra1 f3 53. gxf3 Kxf3 54. Ke1 Rb3 55. Kf1 Rb2 56. Kg1 Rg2+ 57. Kf1 e3 58. Ra3 Rd2 59. Ke1 Rh2 60. Kd1 Rh1+ 61. Kc2 Kf2 62. Ra8 e2 63. Rf8+ Kg3 64. Rg8+ Kf4 65. Rf8+ Kg5 0-1

[Event "Remembrance Day op"]
[Site "Winnipeg CAN"]
[Date "1998.11.07"]
[Round "1"]
[White "Gannon, Keith"]
[Black "Gibbons, Michael"]
[Result "0-1"]
[WhiteElo "1708"]
[BlackElo "2041"]
[PlyCount "36"]
[GameId "2160767911806082"]
[EventDate "1998.11.07"]
[EventType "swiss"]
[EventRounds "5"]
[EventCountry "CAN"]

1. d4 Nf6 2. c4 e6 3. Nf3 b6 4. e3 Bb7 5. Nbd2 Bb4 6. a3 Bxd2+ 7. Bxd2 Ne4 8. Be2 O-O 9. O-O d6 10. Be1 Nd7 11. Bd3 f5 12. b4 Rf6 13. b5 Rg6 14. Bb4 Ng5 15. Be2 e5 16. dxe5 Nxe5 17. Nxe5 Nh3+ 18. Kh1 Bxg2# 0-1

[Event "Remembrance Day op"]
[Site "Winnipeg CAN"]
[Date "1998.11.07"]
[Round "1"]
[White "Khedkar, Jay"]
[Black "Charter, Bennet"]
[Result "1/2-1/2"]
[WhiteElo "1913"]
[BlackElo "1452"]
[PlyCount "60"]
[GameId "2160767911806083"]
[EventDate "1998.11.07"]
[EventType "swiss"]
[EventRounds "5"]
[EventCountry "CAN"]

1. d4 d5 2. Nf3 Nf6 3. c4 c6 4. Nc3 Bf5 5. e3 e6 6. Ne5 Nbd7 7. g4 Nxe5 8. gxf5 Nxc4 9. Bxc4 dxc4 10. fxe6 fxe6 11. a4 Qc7 12. Qe2 Be7 13. Qxc4 Qd7 14. Bd2 Nd5 15. a5 Rb8 16. Ne4 b5 17. Qb3 a6 18. Rc1 Rc8 19. Nc5 Bxc5 20. Rxc5 Qc7 21. e4 Ne7 22. Qxe6 Qd7 23. Qxd7+ Kxd7 24. Rg1 Rhg8 25. Ke2 g6 26. Bg5 Rge8 27. Kd3 Rf8 28. Ke3 Rce8 29. Bxe7 Rxe7 30. Rgc1 Ref7 1/2-1/2

[Event "Remembrance Day op"]
[Site "Winnipeg CAN"]
[Date "1998.11.07"]
[Round "1"]
[White "Lukic, Luka"]
[Black "Trueman, Francis"]
[Result "1/2-1/2"]
[WhiteElo "1937"]
[BlackElo "1503"]
[PlyCount "50"]
[GameId "2160767911806084"]
[EventDate "1998.11.07"]
[EventType "swiss"]
[EventRounds "5"]
[EventCountry "CAN"]

1. d4 Nf6 2. c4 e6 3. Nc3 c5 4. e3 d5 5. Nf3 Nc6 6. dxc5 Bxc5 7. Be2 O-O 8. O-O d4 9. Na4 b6 10. Nxc5 bxc5 11. exd4 cxd4 12. Bg5 e5 13. Nd2 Bf5 14. Bf3 Rc8 15. Re1 d3 16. Bxc6 Rxc6 17. Rxe5 Bg4 18. Qa4 Qc7 19. Ra5 Re6 20. Be3 Be2 21. h3 Rxe3 22. fxe3 Qb6 23. Nf1 Ne4 24. c5 Qg6 25. Nh2 d2 1/2-1/2

[Event "Remembrance Day op"]
[Site "Winnipeg CAN"]
[Date "1998.11.07"]
[Round "1"]
[White "Magyar, Peter"]
[Black "Sekhar, Ganesan"]
[Result "0-1"]
[WhiteElo "1490"]
[BlackElo "1925"]
[PlyCount "48"]
[GameId "2160767911806085"]
[EventDate "1998.11.07"]
[EventType "swiss"]
[EventRounds "5"]
[EventCountry "CAN"]

1. e4 c5 2. Nc3 e6 3. g3 Nc6 4. Bg2 d6 5. d3 Be7 6. f4 Bf6 7. Bd2 Nge7 8. Nf3 O-O 9. O-O Rb8 10. Rb1 b5 11. e5 dxe5 12. Ne4 exf4 13. Nxf6+ gxf6 14. Bxf4 e5 15. Bh6 Re8 16. Nh4 Qd4+ 17. Kh1 Nd5 18. Rxf6 Nxf6 19. Bxc6 Ng4 20. Qd2 Nf2+ 21. Kg2 Bh3+ 22. Kf3 e4+ 23. Bxe4 Nxe4 24. Be3 Nxd2+ 0-1

[Event "Remembrance Day op"]
[Site "Winnipeg CAN"]
[Date "1998.11.07"]
[Round "2"]
[White "Clark, James"]
[Black "Khedkar, Jay"]
[Result "1/2-1/2"]
[WhiteElo "1717"]
[BlackElo "1913"]
[PlyCount "102"]
[GameId "2160767911806086"]
[EventDate "1998.11.07"]
[EventType "swiss"]
[EventRounds "5"]
[EventCountry "CAN"]

1. d4 Nf6 2. c4 e6 3. Nc3 d5 4. Bg5 Be7 5. e3 O-O 6. Bxf6 Bxf6 7. Nf3 c6 8. Bd3 Nd7 9. cxd5 exd5 10. O-O Re8 11. Qc2 Nf8 12. h3 g6 13. Rfc1 Ne6 14. Nb1 Ng7 15. Nbd2 Bf5 16. Ne1 Rc8 17. b4 Qe7 18. Rab1 b6 19. a3 Bxd3 20. Nxd3 Nf5 21. Re1 Nd6 22. Rbc1 Ne4 23. Nf3 Qd6 24. Nfe5 Bxe5 25. Nxe5 c5 26. bxc5 bxc5 27. f3 Nf6 28. Qa4 Re7 29. Rxc5 Rxc5 30. Qb4 a5 31. dxc5 Qxe5 32. Qxa5 d4 33. Qb6 Nd5 34. Qd8+ Re8 35. Qd7 Re7 36. Qd8+ Kg7 37. e4 Ne3 38. c6 Qc5 39. a4 Nf5 40. Rb1 d3+ 41. Kh2 Qd6+ 42. Qxd6 Nxd6 43. Rd1 Rc7 44. Rxd3 Rxc6 45. Ra3 Kf6 46. Kg3 Ke5 47. Kg4 Nc4 48. Rd3 Rd6 49. Rxd6 Kxd6 50. Kg5 Ke6 51. g3 h5 1/2-1/2

[Event "Remembrance Day op"]
[Site "Winnipeg CAN"]
[Date "1998.11.07"]
[Round "2"]
[White "Gibbons, Michael"]
[Black "Seier, Ken"]
[Result "1-0"]
[WhiteElo "2041"]
[BlackElo "1885"]
[PlyCount "33"]
[GameId "2160767911806087"]
[EventDate "1998.11.07"]
[EventType "swiss"]
[EventRounds "5"]
[EventCountry "CAN"]

1. Nf3 Nf6 2. d4 g6 3. Nc3 Bg7 4. e4 d6 5. h3 O-O 6. Be3 Nbd7 7. Bd3 a6 8. Qd2 Re8 9. e5 dxe5 10. dxe5 Nd5 11. Nxd5 Nxe5 12. Nc3 Nxd3+ 13. cxd3 Bf5 14. d4 c6 15. O-O Qa5 16. Ne4 Qc7 17. Ng3 1-0

[Event "Remembrance Day op"]
[Site "Winnipeg CAN"]
[Date "1998.11.07"]
[Round "2"]
[White "Ott, Richard"]
[Black "Lukic, Luka"]
[Result "0-1"]
[WhiteElo "1453"]
[BlackElo "1937"]
[PlyCount "78"]
[GameId "2160767911806088"]
[EventDate "1998.11.07"]
[EventType "swiss"]
[EventRounds "5"]
[EventCountry "CAN"]

1. d4 d5 2. c4 dxc4 3. e3 e5 4. Nf3 exd4 5. Qa4+ Bd7 6. Qxc4 dxe3 7. Bxe3 Bd6 8. Nc3 Nf6 9. Nb5 O-O 10. Nxd6 cxd6 11. Be2 Bc6 12. O-O Nbd7 13. Rfd1 Qe7 14. Nd4 Be4 15. Qb4 Nd5 16. Qd2 Nxe3 17. Qxe3 Rfe8 18. Nb5 Nf6 19. Nxd6 Red8 20. Nxe4 Qxe4 21. Qxe4 Nxe4 22. Bf3 Nd2 23. Bg4 g6 24. Re1 f5 25. Bd1 Kf8 26. Rc1 Rac8 27. Rc3 Rxc3 28. bxc3 Rc8 29. Re2 Ne4 30. g4 Rxc3 31. Bb3 Nc5 32. Bd5 fxg4 33. Re5 b6 34. Rg5 Rd3 35. Bc4 Rd4 36. Be2 Rd2 37. Bc4 Rd4 38. Be2 Ne6 39. Rxg4 Nf4 0-1

[Event "Remembrance Day op"]
[Site "Winnipeg CAN"]
[Date "1998.11.07"]
[Round "2"]
[White "Sekhar, Ganesan"]
[Black "Richards, Gwyn"]
[Result "1-0"]
[WhiteElo "1925"]
[BlackElo "1677"]
[PlyCount "32"]
[GameId "2160767911806089"]
[EventDate "1998.11.07"]
[EventType "swiss"]
[EventRounds "5"]
[EventCountry "CAN"]

1. Nf3 d6 2. d4 Nf6 3. c4 c5 4. Nc3 cxd4 5. Nxd4 Nc6 6. e4 g6 7. Be2 Qa5 8. Nb3 Qc7 9. O-O Bg7 10. Be3 O-O 11. Rc1 b6 12. f4 Bb7 13. Nd5 Nxd5 14. cxd5 Bxb2 15. Rc2 Bg7 16. dxc6 Bc8 1-0

[Event "Remembrance Day op"]
[Site "Winnipeg CAN"]
[Date "1998.11.07"]
[Round "2"]
[White "Trueman, Francis"]
[Black "Kuryliw, Ray"]
[Result "0-1"]
[WhiteElo "1503"]
[BlackElo "1949"]
[PlyCount "54"]
[GameId "2160767911806090"]
[EventDate "1998.11.07"]
[EventType "swiss"]
[EventRounds "5"]
[EventCountry "CAN"]

1. Nf3 d6 2. d3 g6 3. Nbd2 Bg7 4. g3 e5 5. e4 Ne7 6. Bg2 Bg4 7. h3 Bd7 8. O-O Nbc6 9. c3 O-O 10. b4 a6 11. a4 h6 12. Bb2 Kh7 13. Nb3 Qc8 14. Kh2 f5 15. b5 axb5 16. axb5 Rxa1 17. Bxa1 Nd8 18. d4 Bxb5 19. Re1 fxe4 20. Rxe4 d5 21. Rxe5 Bxe5 22. Nxe5 Rxf2 23. Ng4 Ra2 24. Qc1 Nf7 25. Qf4 Qf5 26. Nf6+ Kg7 27. Qxc7 Qxf6 0-1

[Event "Remembrance Day op"]
[Site "Winnipeg CAN"]
[Date "1998.11.07"]
[Round "3"]
[White "Gannon, Keith"]
[Black "Clark, James"]
[Result "0-1"]
[WhiteElo "1708"]
[BlackElo "1717"]
[PlyCount "112"]
[GameId "2160767911806091"]
[EventDate "1998.11.07"]
[EventType "swiss"]
[EventRounds "5"]
[EventCountry "CAN"]

1. e4 c5 2. Nc3 d6 3. Nf3 Nc6 4. d4 cxd4 5. Nxd4 a6 6. Be2 Nf6 7. O-O e6 8. Re1 Be7 9. Bg5 O-O 10. Bf3 Qc7 11. Nxc6 bxc6 12. Qe2 Rb8 13. Rab1 Rd8 14. a3 e5 15. b4 Ne8 16. Bxe7 Qxe7 17. a4 Nc7 18. b5 axb5 19. axb5 cxb5 20. Qd2 Ba6 21. Nd5 Nxd5 22. Qxd5 Rb6 23. Rb4 Rdb8 24. Reb1 Qc7 25. Qd2 Rc6 26. R1b2 Rc8 27. Bd1 Rc5 28. Ra2 Qc6 29. Qe2 f6 30. h3 Rc7 31. Ra3 Rc3 32. Rxc3 Qxc3 33. Rb3 Qc4 34. Qxc4+ Rxc4 35. f3 Rd4 36. Be2 Rd2 37. Bxb5 Bxb5 38. Rxb5 Rxc2 39. Rb6 Rd2 40. Rb7 d5 41. exd5 Rxd5 42. Ra7 h5 43. Rc7 h4 44. Rc4 Rd4 45. Rxd4 exd4 46. Kf2 Kf7 47. Ke2 Ke6 48. Kd3 Kd5 49. f4 g6 50. Ke2 Ke4 51. Kd2 d3 52. f5 gxf5 53. Ke1 f4 54. Kd2 f5 55. Ke1 Ke3 56. Kd1 d2 0-1

[Event "Remembrance Day op"]
[Site "Winnipeg CAN"]
[Date "1998.11.07"]
[Round "3"]
[White "Kuryliw, Ray"]
[Black "Lukic, Luka"]
[Result "1/2-1/2"]
[WhiteElo "1949"]
[BlackElo "1937"]
[PlyCount "111"]
[GameId "2160767911806092"]
[EventDate "1998.11.07"]
[EventType "swiss"]
[EventRounds "5"]
[EventCountry "CAN"]

1. e4 e5 2. f4 d6 3. Nf3 exf4 4. Bc4 Be6 5. Bxe6 fxe6 6. d4 Nc6 7. Bxf4 Be7 8. c3 Qd7 9. Nbd2 Nd8 10. Qb3 a6 11. O-O Qb5 12. Qc2 Qh5 13. e5 d5 14. c4 c6 15. cxd5 exd5 16. Nb3 Nh6 17. Bxh6 gxh6 18. Rf2 O-O 19. Raf1 Ne6 20. Na5 Rab8 21. Nxc6 bxc6 22. Qxc6 Qg6 23. Qxd5 Kh8 24. Qd7 Rbe8 25. Ne1 Bg5 26. Rxf8+ Rxf8 27. Rxf8+ Nxf8 28. Qc8 Be3+ 29. Kh1 Qf7 30. Nf3 Kg8 31. Qxa6 Qf5 32. Qc4+ Kh8 33. h4 Qb1+ 34. Kh2 Qg6 35. d5 Qf5 36. e6 Bf4+ 37. g3 Bd6 38. Qc3+ Kg8 39. Kg2 Qxd5 40. Qf6 Qxe6 41. Qxe6+ Nxe6 42. a3 Nc5 43. b4 Ne4 44. g4 Kg7 45. Nd4 Kf6 46. Nf5 Bf8 47. Kf3 Nd2+ 48. Kf4 Nc4 49. Nxh6 Nxa3 50. Nf5 Bxb4 51. g5+ Kf7 52. h5 Bd2+ 53. Kg4 Kg8 54. Ne7+ Kh8 55. h6 Bb4 56. Nd5 1/2-1/2

[Event "Remembrance Day op"]
[Site "Winnipeg CAN"]
[Date "1998.11.07"]
[Round "3"]
[White "Penner, Wesley"]
[Black "Khedkar, Jay"]
[Result "0-1"]
[WhiteElo "1913"]
[BlackElo "1788"]
[PlyCount "42"]
[GameId "2160767911806093"]
[EventDate "1998.11.07"]
[EventType "swiss"]
[EventRounds "5"]
[EventCountry "CAN"]

1. d4 Nf6 2. e3 e6 3. c4 d5 4. cxd5 exd5 5. Nf3 Bd6 6. Nc3 c6 7. Bd2 O-O 8. Bd3 Re8 9. O-O Nbd7 10. Qc2 Nf8 11. Ne2 Bg4 12. Ng3 g6 13. Be2 Ne4 14. Be1 h5 15. Nd2 Nxd2 16. Bxg4 Nxf1 17. Nxf1 hxg4 18. Ng3 Nh7 19. Ne2 Ng5 20. a3 Kg7 21. g3 Nf3+ 0-1

[Event "Remembrance Day op"]
[Site "Winnipeg CAN"]
[Date "1998.11.07"]
[Round "3"]
[White "Sekhar, Ganesan"]
[Black "Gibbons, Michael"]
[Result "1/2-1/2"]
[WhiteElo "1925"]
[BlackElo "2041"]
[PlyCount "55"]
[GameId "2160767911806094"]
[EventDate "1998.11.07"]
[EventType "swiss"]
[EventRounds "5"]
[EventCountry "CAN"]

1. Nf3 Nf6 2. g3 d5 3. Bg2 c5 4. O-O Nc6 5. d3 e6 6. Nbd2 Bd6 7. c4 O-O 8. b3 Qc7 9. Bb2 d4 10. e4 dxe3 11. fxe3 e5 12. Nh4 Bg4 13. Bf3 Qd7 14. Qe2 Bxf3 15. Qxf3 Qg4 16. Nf5 Qxf3 17. Rxf3 Bc7 18. Ba3 Rfd8 19. e4 b6 20. Nf1 Nd4 21. Nxd4 exd4 22. Re1 Ng4 23. Rd1 Ne5 24. Rf5 g6 25. Rf2 a5 26. Kg2 Bd6 27. Bc1 Nc6 28. a4 1/2-1/2

[Event "Remembrance Day op"]
[Site "Winnipeg CAN"]
[Date "1998.08.11"]
[Round "4"]
[White "Clark, James"]
[Black "Milord, Frank"]
[Result "1/2-1/2"]
[WhiteElo "1717"]
[BlackElo "1725"]
[PlyCount "59"]
[GameId "2160767911806095"]
[EventDate "1998.11.07"]
[EventType "swiss"]
[EventRounds "5"]
[EventCountry "CAN"]

1. d4 Nf6 2. c4 e6 3. Nc3 Bb4 4. Qc2 O-O 5. Bg5 d5 6. e3 Nbd7 7. Nf3 h6 8. Bh4 c5 9. cxd5 exd5 10. Be2 g5 11. Bg3 Ne4 12. a3 Qa5 13. O-O Bxc3 14. bxc3 Qxc3 15. Qa2 c4 16. Bc7 b6 17. Rab1 Qa5 18. a4 Nc3 19. Qa3 Nxe2+ 20. Kh1 Nc3 21. Qd6 f6 22. Rb5 Qxa4 23. Rxd5 Bb7 24. Qe6+ Kh8 25. Rxd7 Bc8 26. Qh3 Qxd7 27. Qxh6+ Qh7 28. Qxf8+ Qg8 29. Qh6+ Qh7 30. Qf8+ 1/2-1/2

[Event "Remembrance Day op"]
[Site "Winnipeg CAN"]
[Date "1998.11.08"]
[Round "4"]
[White "Gibbons, Michael"]
[Black "Kuryliw, Ray"]
[Result "1-0"]
[WhiteElo "2041"]
[BlackElo "1949"]
[PlyCount "77"]
[GameId "2160767911806096"]
[EventDate "1998.11.07"]
[EventType "swiss"]
[EventRounds "5"]
[EventCountry "CAN"]

1. Nf3 d6 2. d4 g6 3. e4 Bg7 4. Nc3 Nd7 5. Bc4 h6 6. Be3 e5 7. O-O Nb6 8. Bb3 Bg4 9. dxe5 Bxe5 10. Bxf7+ Kxf7 11. Nxe5+ dxe5 12. Qxg4 Nf6 13. Qe2 g5 14. Rad1 Qe7 15. Bxb6 axb6 16. Nd5 Nxd5 17. exd5 c6 18. Rd2 Rhd8 19. Qc4 Kf6 20. Rfd1 Rxd5 21. Rxd5 cxd5 22. Rxd5 Rd8 23. Rxd8 Qxd8 24. Qd3 Qe7 25. g3 Kg7 26. a4 Kf6 27. Kg2 Kg7 28. Qa3 Qd8 29. Qc3 Qd6 30. Qd3 Qe7 31. Qb3 Qc7 32. Qe6 Kh7 33. Kh3 h5 34. Qf5+ Kh6 35. Qf6+ Kh7 36. Qxg5 Qd6 37. Qxh5+ Kg7 38. Qe2 Qb4 39. b3 1-0